Logo BPK

Biblioteka

Politechniki Koszalińskiej

Pożywienie, woda i sól stołowa w ochronie zdrowia społecznego / (Rekord nr 17909)

Szczegóły MARC
000 -ETYKIETA REKORDU
podpole kontrolne o stałej długości 00447nam a2200157 i 4500
001 - NUMER KONTROLNY REKORDU
pole kontrolne bg
040 ## - ŹRÓDŁO KATALOGOWANIA
Instytucja, która utworzyła rekord BPK
041 ## - KOD JĘZYKA
Kod języka tekstu pol
080 ## - UNIWERSALNA KLASYFIKACJA DZIESIĘTNA - UKD
UKD 614:546:63+664
008 - POLE O STAŁEJ DŁUGOŚCI - DANE KONTROLNE
podpole kontrolne o stałej długości s pl f |000 0 pol
100 1# - NAZWA OSOBOWA
Nazwa osobowa ALEKSANDROWICZ, Julian
245 #0 - TYTUŁ/ODPOWIEDZIALNOŚĆ
Tytuł Pożywienie, woda i sól stołowa w ochronie zdrowia społecznego /
Pozostałe elementy strefy tytułu i oznaczenia odpowiedzialności Julian Aleksandrowicz, Kazimierz Janicki.
260 ## - STREFA ADRESU WYDAWNICZEGO
Miejsce wydania Wrocław,
Data publikacji, dystrybucji/powstania dokumentu 1978.
700 1# - HASŁO DODATKOWE - NAZWA OSOBOWA
Nazwa osobowa JANICKI, Kazimierz
856 ## - LOKALIZACJA I DOSTĘP DO ELEKTRONICZNYCH DOKUMENTÓW ZDALNYCH
Link (URL) http://koha.tu.koszalin.pl/cgi-bin/koha/opac-detail.pl?biblionumber=17909
Tekst linku Katalog online BPK
942 ## - DODATKOWE ELEMENTY (KOHA)
Typ dokumentu Książka
Egzemplarze
Wycofany Status egzemplarza Uszkodzony Dostępność Lokalizacja stała Lokalizacja bieżąca Miejsce przechowywania Sygnatura Kod kreskowy Typ dokumentu
      Dostępny Biblioteka Politechniki Koszalińskiej Biblioteka Politechniki Koszalińskiej Wypożyczalnia BG 23580 01687842 Książka
      Dostępny Biblioteka Politechniki Koszalińskiej Biblioteka Politechniki Koszalińskiej Wypożyczalnia BG 23581 01687859 Książka
© 2023 Biblioteka Politechniki Koszalińskiej :: KOHA